LIBRARY & INFORMATION CENTRE, KCAET, TAVANUR

ONLINE PUBLIC ACCESS CATALOGUE (OPAC)

Field studies / (Record no. 4694)

MARC details
000 -LEADER
fixed length control field 00368cam a2200157ua 4500
041 ## - LANGUAGE CODE
Language code of text/sound track or separate title eng
082 ## - DEWEY DECIMAL CLASSIFICATION NUMBER
Classification number 370.9346
Item number SIM/FI
100 ## - MAIN ENTRY--AUTHOR NAME
Personal name Simmons, G E .
245 ## - TITLE STATEMENT
Title Field studies /
260 ## - PUBLICATION, DISTRIBUTION, ETC. (IMPRINT)
Place of publication :
Name of publisher Rural education ,
Year of publication 1965.
300 ## - PHYSICAL DESCRIPTION
Number of Pages 107 ; .
500 ## - GENERAL NOTE
General note **Reference
942 ## - ADDED ENTRY ELEMENTS (KOHA)
Koha item type Books
Holdings
Withdrawn status Lost status Damaged status Home library Current library Date acquired Full call number Accession Number Koha item type
      KAUAET KAUAET 07/04/2012 370.9346 12606 Reference
free website counter